Equipages des Pirates de Kuja ( One piece ) - Statistiques

Statistiques générales
  • Ce quiz a été pris 54 fois
  • Le résultat moyen est 8 sur 15
Statistiques - réponses
Par images Réponse % Correct
Hancock
100%
Marigold
87%
Sandersonia
85%
Margaret
80%
Aphelandra
65%
Salome
63%
Shakuyaku
57%
Sweet Pea
48%
Bacura
37%
Daisy
30%
Ran
28%
Blue Fan
26%
Cosmos
24%
Rindo
24%
Yuda
24%
Aucun quiz correspondant
Distribution des résultats
% des personnes avec chaque résultat
Percentile par nombre de réponses
Votre historique - résultats
Vous n’avez pas pris ce quiz